000 00344nam a2200145Ia 4500
008 191201s2004 xx 000 0 und d
082 _a621.38133
_bSTS
100 _aSTREETMAN, Ben G
245 0 _aSolid State Electronic Devices
250 _a5th
260 _aN.Delhi
_bPHI
_c2004
300 _a558
650 _aB.Tech(ECE)
942 _2ddc
_cBK
999 _c1177
_d1177